000 00389pab a2200145 454500
008 180718b1984 xxu||||| |||| 00| 0 eng d
100 _aWilemon, David
245 _aProject management education for the 21st century
260 _c1984
300 _a24-31
362 _aAug.
650 _aProject Management - Study and Teaching
773 _aProject Management Journal
909 _a16261
999 _c16261
_d16261